000 00768nam1a22002411 4500
001 rc\40655
005 20021216124542.7
035 _a(NLR Aleph) 005385937
090 _a7145638
_c7145638
100 _a20021216g19939999u |0rusy50 ca
101 0 _arus
102 _aRU
105 _ay |||||||||
200 1 _aМикропроцессор i486
_eАрхитектура и программир.
_e(В 4 кн.)
210 _aМ.
_cГРАНАЛ и др.
_d1993-
215 _d21
300 _aИзд. совместно с ТОО "Бином" и изд-вом "МИКАП"
700 1 _aГригорьев
_bВ. Л.
_gВячеслав Леонидович
801 0 _aRU
_bNLR
_gpsbo
801 1 _aRU
_bELAR
_2rusmarc
852 _aNLR
_j93-5/2963
942 _cBOOK
980 _aNB